01552nam a2200325Ic 450000100060000000300100000600500170001600700030003300800410003602000180007704000350009504100080013008200170013824501270015525000220028226400700030430000530037433600270042733700330045433800280048750002100051565000790072565000840080465000840088870000490097270000440102194200120106599900170107795201320109459970CO-BoRNBP20251113153139.0ta180109s2015 ck a g 000 0 spa  a9789588890920 aCO-BoRNBPbspaerdacCO-BoRNBP aspa04a787.87bT76t00aToques y retoques :breflexiones sobre la enseñabilidad de los instrumentos de cuerda tradicionales andinos de Colombia. aPrimera edición 1aMedellín, Colombia :bEditorial Universidad de Antioquia,c2015 a258 páginas :bilustraciones en blanco y negro atextobtxt2rdacontent asin mediaciónbn2rdamedia avolumenbnc2rdacarrier aMemorias del II Seminario Nacional sobre Músicas regionales: enseñabilidad de la bandola, el tiple y la guitarra, realizado en la ciudad de Medellín, Colombia, entre el 3 y el 5 de septiembre de 201407aMusica Para BandaxEnseñanzavCongresos, conferencias, etc.2lemb96735307aMúsica para guitarraxEnseñanzavCongresos, conferencias, etc.2lemb96735407aInstrumentos de cuerdaxEnseñanzavCongresos, conferencias, etc.2lemb967355 aRendón Marín, Hector,d1968-eedt967356 aTobón Restrepo, Alejandroeedt967357 2ddccBK c59970d59970 00102ddc40708GENaMEMAPJGAbMEMAPJGAcGENd2025-11-13l0o787.87 T76tpMPJG01057r2025-11-13 15:35:11tEj.1w2025-11-13yBK